000 00877nam a2200265 i 4500
001 15247
003 ES-MaACL
005 20260209164514.0
007 t|
008 000209s1999 sp ||||0| spa
020 _a84-8307-194-0
080 _a960"18/19"
100 1 _aWesseling, Henri L.
_9116534
245 1 0 _aDivide y vencerás
_b: el reparto de África, 1880-1914 /
_cHenri L. Wesseling ; traducción de Yvonne Conijn.
250 _a1ª ed.
260 _aBarcelona :
_bPenínsula,
_c1999.
300 _a523 p. :
_bil., mapas ;
_c23 cm.
490 1 _aHistoria, ciencia, sociedad ;
_v281
651 4 _aÁfrica-
_xHistoria-
_y1884-1918.
_9172508
651 7 _aÁfrica-
_xColonización-
_yS.XIX
_2
_9145960
700 1 _aConijn, Yvonne.
_940178
830 1 0 _aHistoria, ciencia, sociedad (Península)
_v281
_9177444
852 _aES-MaACL
_jL-22587
999 _c15247
_d15247